The skills of encouragement : bringing out the best in yourself and others
Αποθηκεύτηκε σε:
| Κύριος συγγραφέας: | |
|---|---|
| Άλλοι συγγραφείς: | |
| Μορφή: | Βιβλίο |
| Γλώσσα: | English |
| Δημοσίευση: |
Florida :
St.Lucie Press,
c1996
|
| Θέματα: | |
| Ετικέτες: |
Προσθήκη ετικέτας
Δεν υπάρχουν, Καταχωρήστε ετικέτα πρώτοι!
|
MARC
| LEADER | 00000nam a2200000 i 4500 | ||
|---|---|---|---|
| 001 | 1/52571 | ||
| 008 | 970123s1996 eng d | ||
| 020 | |a 1-57444-004-7 | ||
| 035 | |l 10027364 | ||
| 040 | |a GR-MY-UA |b gre |e aacr | ||
| 041 | 0 | |a eng | |
| 082 | 0 | |a 158.1 | |
| 100 | 1 | |a Dinkmeyer, Don C. | |
| 245 | 1 | 4 | |a The skills of encouragement : |b bringing out the best in yourself and others / |c Don Dinkmeyer, L. Losoncy |
| 260 | |a Florida : |b St.Lucie Press, |c c1996 | ||
| 300 | |a xiii, 231 p. | ||
| 650 | 0 | 0 | |a Encouragement. |
| 700 | 1 | |a Losoncy, Lewis E. | |
| 852 | |a INST |b CHIOS |e 19970123 |h 158.1 DIN |p 005200010797 |q 005200010797 |t BK |y 0 | ||
| 909 | |a Χ |b 049309 | ||